000 00916nac a22003017a 4500
001 BR9901514
003 BR-BrBNA
005 20240105122205.0
008 230509b bl.|||m| |||| 00| 0 por d
040 _aBR-BrBNA
_bpor
_cBiblioteca Nacional de Agricultura
072 _aE70; E71
090 _a2120 BR9901514
100 1 _aLobato, J.G.
100 1 _aPereira, N.
100 1 _aAbreu, P.F. de
110 1 _aMinisterio da Industria, do Comercio e do Turismo, Brasilia, DF (Brasil). Depto. Nacional do Cafe
_97047
245 1 _aInforme estatistico do cafe, novembro 1998
260 3 _aBrasilia, DF (Brasil):
_c1998.
300 _a31 p.
490 _aInforme Estatistico do Cafe (Brazil)
_vv. 2(11)
_x
500 _a16 illus.
650 _aCafe
650 _aPreco
650 _aExportacao
650 _aDados Estatisticos
909 _a202312
_bLúcia Elande
_c55
_dLúcia Elande
942 _2AGRIS
_n0
_cMS
999 _c289710
_d289710